000 00350nam a2200169Ia 4500
100 _aRAMET/ADELE
650 _aPHILOPSOPHY
942 _cBK
366 _f25
654 _aWRITING
245 _aCREATIVE WRITING.
260 _bBETTER YOURSELF BOOK
_aBandra
_c2001
082 _a107/RAM
_bRAM
300 _a148
546 _aENGLISH
999 _c20017
_d20017